000 00211 a2200097 4500
001 26830
100 _aShah, S.I.A
245 _aAfghansitan of the afghans
260 _a
_bGosha-e-Adab
_c
090 _c18063
_d18063
942 _aNUST-CAE
_cM
_c8962
999 _c261903
_d261903